| 000 | 00386nam a2200133Ia 4500 | ||
|---|---|---|---|
| 008 | 231129s9999||||xx |||||||||||||| ||spa|| | ||
| 020 | _a84-7530-616-0 | ||
| 040 | _bspa | ||
| 082 | _a194 C745L | ||
| 100 | _aCondillac Etienne Bonnot de | ||
| 245 | 0 | _aLogica; Extracto razonado del tratado de las sensaciones | |
| 264 | _aOrbis | ||
| 942 |
_2ddc _cBKS |
||
| 999 |
_c19431 _d19431 |
||